Tartarin of Tarascon : (Record no. 85923)
[ view plain ]
| 000 -LEADER | |
|---|---|
| fixed length control field | 00571nam a2200205 a 4500 |
| 001 - CONTROL NUMBER | |
| control field | 85923 |
| 003 - CONTROL NUMBER IDENTIFIER | |
| rucl marc code | BD-RjUL |
| 005 - DATE AND TIME OF LATEST TRANSACTION | |
| control field | 20251109102432.0 |
| 008 - FIXED-LENGTH DATA ELEMENTS--GENERAL INFORMATION | |
| fixed length control field | 251109s1926 enk||||| |||| 00| 0 eng d |
| 035 ## - SYSTEM CONTROL NUMBER | |
| System control number | (BD-RjUL)85923 |
| 040 ## - CATALOGING SOURCE | |
| Original cataloging agency | BD-RjUL |
| Language of cataloging | eng |
| Transcribing agency | BD-RjUL |
| 041 ## - LANGUAGE CODE | |
| Language code of text/sound track or separate title | eng |
| 082 ## - DEWEY DECIMAL CLASSIFICATION NUMBER | |
| Edition number | 23 |
| Classification number | 823 |
| Author mark and year | DAT 1926 |
| 100 ## - MAIN ENTRY--PERSONAL NAME | |
| Personal name | Daudet, Alphonse |
| 9 (RLIN) | 17290 |
| 245 ## - TITLE STATEMENT | |
| Title | Tartarin of Tarascon : |
| Remainder of title | and, Le petit chose / |
| Statement of responsibility, etc. | Alphonse Daudet |
| 260 ## - PUBLICATION, DISTRIBUTION, ETC. (IMPRINT) | |
| Place of publication, distribution, etc. | London : |
| Name of publisher, distributor, etc. | Collins, |
| Date of publication, distribution, etc. | [1926?] |
| 300 ## - PHYSICAL DESCRIPTION | |
| Pagination | 392 p. : |
| Illustrations | illus. ; |
| Size | 16 cm |
| 650 ## - SUBJECT ADDED ENTRY--TOPICAL TERM | |
| Topical term or geographic name as entry element | Alps |
| General subdivision | Fiction. |
| 9 (RLIN) | 17291 |
| 942 ## - ADDED ENTRY ELEMENTS (KOHA) | |
| Source of classification or shelving scheme | Dewey Decimal Classification |
| Koha item type | Books |
| Lost status | Source of classification or shelving scheme | Damaged status | Not for loan | Collection code | Permanent Location | Current Location | Shelving location | Date acquired | Total Checkouts | Full call number | Date last seen | Copy number | Koha item type |
|---|---|---|---|---|---|---|---|---|---|---|---|---|---|
| Dewey Decimal Classification | Not For Loan | Fiction | Central Library, University of Rajshahi | Central Library, University of Rajshahi | Reading Room | 09/11/2025 | 823 DAT 1926 | 09/11/2025 | C-1 | Books |